Home Print Resources E-Books E-Journals IIMT Lecture Series Library Membership Form Book Recommendation Form Campus Tour Take AdmissionAbout Us Contact Us

Strength of Materials (Record no. 5626)

000 -LEADER
fixed length control field 00345nam a2200157Ia 4500
003 - CONTROL NUMBER IDENTIFIER
control field OSt
005 - DATE AND TIME OF LATEST TRANSACTION
control field 20240120153015.0
008 - FIXED-LENGTH DATA ELEMENTS--GENERAL INFORMATION
fixed length control field 170524s9999 xx 000 0 und d
020 ## - INTERNATIONAL STANDARD BOOK NUMBER
International Standard Book Number 9788131808917
040 ## - CATALOGING SOURCE
Transcribing agency IIMT UNIVERSITY
100 ## - MAIN ENTRY--PERSONAL NAME
Personal name Bansal R.K
245 #0 - TITLE STATEMENT
Title Strength of Materials
260 ## - PUBLICATION, DISTRIBUTION, ETC.
Name of publisher, distributor, etc. Laxmi
260 ## - PUBLICATION, DISTRIBUTION, ETC.
Date of publication, distribution, etc. 2007
942 ## - ADDED ENTRY ELEMENTS (KOHA)
Source of classification or shelving scheme
Koha item type Book Bank
Holdings
Withdrawn status Lost status Source of classification or shelving scheme Damaged status Not for loan Home library Current library Date acquired Barcode Date last seen Uniform Resource Identifier Price effective from Koha item type Total Checkouts Date last checked out
          IIMT University Central Library Meerut IIMT University Central Library Meerut 05/30/2017 01-B-47979 05/30/2017 ELECTRICAL ELECTRONICS 05/30/2017 Book Bank    
          IIMT University Central Library Meerut IIMT University Central Library Meerut 05/30/2017 01-B-47980 05/30/2017 ELECTRICAL ELECTRONICS 05/30/2017 Book Bank    
          IIMT University Central Library Meerut IIMT University Central Library Meerut 05/30/2017 01-B-47981 05/21/2018 ELECTRICAL ELECTRONICS 05/30/2017 Book Bank 1 05/19/2018
          IIMT University Central Library Meerut IIMT University Central Library Meerut 05/30/2017 01-B-47982 05/30/2017 ELECTRICAL ELECTRONICS 05/30/2017 Book Bank    
IIMT, Central Library. All Rights Reserved IIMT,UNIVERSITY © 2023
Implemented and Customised by I CLOUDE EMS
You Are OPAC Visitor No
free web counter

Powered by Koha